000 00467nam a2200169Ia 4500
003 LK-CoDNM
005 20240723094346.0
008 010623t1924 xxu||||| |||| 00| 1 eng d
040 _aLK-CoDNM
_dLK-CoDNM
_eLK-CoDNM
041 _aeng
080 _a8
_bBB20
100 _aWilliamson,Robert.W.
245 _aThe social and Political systems of central Polynesia
260 _bCambridge University Press
_c1924
300 _bxxviii, 438p. : map ; 24 cm
942 _cBK
999 _c92257
_d92257